|
|
|
|
| LEADER |
00000nam0a2200000 4500 |
| 001 |
297087 |
| 005 |
20231102000955.0 |
| 035 |
|
|
|a (RuTPU)RU\TPU\book\322207
|
| 090 |
|
|
|a 297087
|
| 100 |
|
|
|a 20150605d1982 m y0rusy50 ca
|
| 101 |
1 |
|
|a rus
|c eng
|
| 102 |
|
|
|a RU
|
| 105 |
|
|
|a a z 001ay
|
| 200 |
1 |
|
|a В дни весной весны
|e рассказы
|e пер. с англ.
|f Р. Брэдбери
|g сост. Р. Рыбкин ; авт. предисл. Я. Засурский
|
| 210 |
|
|
|a Москва
|c Известия
|d 1982
|
| 215 |
|
|
|a 144 с.
|c ил.
|
| 333 |
|
|
|a Исключено из фонда НТБ ТПУ
|
| 700 |
|
1 |
|a Брэдбери
|b Р. Д.
|c американский писатель
|c фантаст
|f 1920-2012
|g Рэй Дуглас
|9 19328
|
| 702 |
|
1 |
|a Рыбкин
|b Р.
|4 220
|
| 702 |
|
1 |
|a Засурский
|b Я.
|4 080
|
| 801 |
|
1 |
|a RU
|b 63413507
|c 20150605
|
| 801 |
|
2 |
|a RU
|b 63413507
|c 20220623
|g RCR
|
| 942 |
|
|
|c BK
|